Word and image: posters from the collection of the Museum of Modern Art

-д хадгалсан:
Номзүйн дэлгэрэнгүй
Үндсэн зохиолч: Fern, Alan M (Зохиогч)
Формат: Ном
Хэл сонгох:англи
Хэвлэсэн: Nueva York The Museum of Modern Art 1968
Нөхцлүүд:
Шошгууд: Шошго нэмэх
Шошго байхгүй, Энэхүү баримтыг шошголох эхний хүн болох!

MARC

LEADER 00000nam a2200000 a 4500
001 UCV8177
003 CL-VaPUC
008 900828e19680000US |||||||||||||||||eng|d
082 0 4 |a 741.67  |b FER  |2 21 
100 0 |a Fern, Alan M  |e author  |9 302251 
245 1 0 |a Word and image: posters from the collection of the Museum of Modern Art 
300 |a 160 p 
942 |c BK 
945 |d 19900828 00:00:00 
260 |a Nueva York  |b The Museum of Modern Art  |c 1968 
650 0 |a Arte publicitario  |9 266185 
650 7 |a PUBLICIDAD COMERCIAL ARTISTICA IMPRESA  |2 CL-VaPUC  |9 266186 
650 7 |a LITOGRAFIA  |2 CL-VaPUC  |9 266187 
583 |a last modification  |c 19900828 00:00:00  |k Rodrigo Vera 
999 |c 213732  |d 213730 
952 |0 0  |1 0  |4 0  |6 741_670000000000000_FER_1968  |7 0  |8 P  |9 196403  |a BIBARQ  |b BIBARQ  |d 2019-11-14  |i 2642948  |o 741.67 FER 1968  |p 2642948  |r 2025-01-20  |w 2019-11-14  |y BK  |k ARQ